Largest Russian Airlines - Statistics

General Stats
  • This quiz has been taken 31 times
  • The average score is 5 of 10
Answer Stats
Passengers Airline % Correct
29 mil Aeroflot
100%
9.5 mil S7
81%
8.1 mil Rossiya
71%
4.3 mil Pobeda
67%
6.5 mil Ural
57%
6.7 mil Utair
52%
1.8 mil Nordwind
43%
2.3 mil Azur
29%
3.6 mil Globus
14%
2.1 mil VIM
14%
No matching quizzes found
Score Distribution
Percent of People with Each Score
Percentile by Number Answered
Your Score History
You have not taken this quiz